[Event "Bugojno"]
[Site "Bugojno"]
[Date "1980.??.??"]
[Round "1"]
[White "Ljubojevic, Ljubomir"]
[Black "Kurajica, Bojan"]
[Result "1-0"]
[WhiteElo "2590"]
[BlackElo "2505"]

1.e4 d5 2.exd5 Qxd5 3.Nc3 Qa5 4.Nf3 Nf6 5.d4 Bf5 6.Bd2 c6 7.Bc4 e6 8.Qe2 Bb4
9.O-O-O Nd5 10.Nxd5 Bxd2+ 11.Nxd2 cxd5 12.Nb3 Qxa2 13.Bxd5 Nc6 14.g4 Bg6
15.Bxc6+ bxc6 16.f4 O-O 17.h4 h6 18.h5 Bh7 19.g5 Bf5 20.gxh6 gxh6 21.Rhg1+ Kh7
22.Rg3 Rg8 23.Rdg1 Rxg3 24.Rxg3 a5 25.Qe5 Rg8 26.Rxg8 Kxg8 27.Qxa5 Qxa5 28.Nxa5 Be4
29.Kd2 Kg7 30.c4 Kf6 31.Ke3 Bh1 32.b4 Kf5 33.b5 cxb5 34.cxb5 f6 35.Nc4 Kg4
36.Nd6 Ba8 37.b6 Kxh5 38.f5 e5 39.dxe5 fxe5 40.b7 Bxb7 41.Nxb7  1-0

[Event "Bugojno"]
[Site "Bugojno"]
[Date "1980.??.??"]
[Round "3"]
[White "Hort, Vlastimil"]
[Black "Larsen, Bent"]
[Result "0-1"]
[WhiteElo "2595"]
[BlackElo "2590"]

1.d4 Nf6 2.c4 e6 3.Nf3 Bb4+ 4.Nbd2 d5 5.e3 O-O 6.a3 Be7 7.Bd3 b6 8.O-O Bb7
9.b4 dxc4 10.Nxc4 Nbd7 11.Bb2 Rb8 12.Qe2 c5 13.dxc5 bxc5 14.Rfd1 cxb4 15.axb4 Bxb4
16.Nfe5 Qe7 17.Rxa7 Rfc8 18.Bd4 Bc5 19.Bxc5 Qxc5 20.Ra5 Qb4 21.Rb1 Qf8 22.Nxd7 Nxd7
23.Ra7 Nc5 24.Nd2 g6 25.Bc4 Qd6 26.Raa1 Rd8 27.Nf3 Bxf3 28.gxf3 Qe5 29.Qe1 Qg5+
30.Kh1 Rxb1 31.Rxb1 Qf5 32.Kg2 e5 33.Rd1 Rb8 34.Qe2 Kg7 35.Bd5 Rb4 36.Rc1  0-1

[Event "Bugojno"]
[Site "Bugojno"]
[Date "1980.??.??"]
[Round "3"]
[White "Ljubojevic, Ljubomir"]
[Black "Ivkov, Borislav"]
[Result "1/2-1/2"]
[WhiteElo "2590"]
[BlackElo "2530"]

1.e4 e6 2.d4 d5 3.Nc3 Bb4 4.e5 Ne7 5.Nf3 c5 6.dxc5 Bxc3+ 7.bxc3 Qa5 8.Qd2 Nd7
9.Bd3 Nc6 10.O-O Ndxe5 11.Nxe5 Nxe5 12.Qg5 Qxc3 13.Bd2 Qd4 14.Be3 Qc3 15.Bd2 Qd4
16.Be3  1/2-1/2

[Event "Bugojno"]
[Site "Bugojno"]
[Date "1980.??.??"]
[Round "4"]
[White "Ljubojevic, Ljubomir"]
[Black "Karpov, Anatoly"]
[Result "1/2-1/2"]
[WhiteElo "2590"]
[BlackElo "2725"]

1.e4 e5 2.Nf3 Nc6 3.d4 exd4 4.Nxd4 Bc5 5.Nb3 Bb6 6.a4 Qf6 7.Qe2 a6 8.a5 Ba7
9.Nc3 Nge7 10.Be3 Bxe3 11.Qxe3 d6 12.O-O-O O-O 13.Be2 Be6 14.Nd5 Bxd5 15.exd5 Ne5
16.f4 N5g6 17.g3 Rfe8 18.Qf2 Nf5 19.Bd3 Ne3 20.Rd2 Re7 21.Qf3 Rae8 22.c3  1/2-1/2

[Event "Bugojno"]
[Site "Bugojno"]
[Date "1980.??.??"]
[Round "5"]
[White "Polugaevsky, Lev"]
[Black "Ljubojevic, Ljubomir"]
[Result "1-0"]
[WhiteElo "2635"]
[BlackElo "2590"]

1.Nf3 c5 2.c4 Nf6 3.d4 cxd4 4.Nxd4 b6 5.Nc3 Bb7 6.f3 d6 7.e4 Nbd7 8.Be2 e6
9.O-O Be7 10.Be3 O-O 11.Qd2 a6 12.Rfd1 Re8 13.Bf1 Bf8 14.Rac1 Qc7 15.b4 Rac8
16.a3 Qb8 17.Nb3 h6 18.Qf2 Bc6 19.h3 Be7 20.Rb1 Qc7 21.Rdc1 Qa7 22.a4 d5
23.exd5 exd5 24.a5 Bxb4 25.axb6 Qb8 26.c5 Bb7 27.Bd4 Re6 28.Na2 Ba3 29.Rc3 Rd8
30.Na5 Bxc5 31.Bxc5 Nxc5 32.Qxc5 d4 33.Nxb7 Qxb7 34.Qc7 Rb8 35.Qxb7 Rxb7
36.Rc8+ Kh7 37.Bd3+ g6 38.Rc7 Rbxb6 39.Rxf7+ Kg8 40.Rb7 Rxb1+ 41.Rxb1  1-0

[Event "Bugojno"]
[Site "Bugojno"]
[Date "1980.??.??"]
[Round "6"]
[White "Ljubojevic, Ljubomir"]
[Black "Hort, Vlastimil"]
[Result "1/2-1/2"]
[WhiteElo "2590"]
[BlackElo "2595"]

1.e4 e5 2.Nf3 Nf6 3.Nxe5 d6 4.Nc4 Nxe4 5.Qe2 Qe7 6.d3 Nf6 7.Bg5 Be6 8.Nc3 Nc6
9.O-O-O h6 10.Bxf6 Qxf6 11.Nd5 Qg5+ 12.Nce3  1/2-1/2

[Event "Bugojno"]
[Site "Bugojno"]
[Date "1980.??.??"]
[Round "7"]
[White "Gligoric, Svetozar"]
[Black "Larsen, Bent"]
[Result "0-1"]
[WhiteElo "2565"]
[BlackElo "2590"]

1.d4 Nf6 2.c4 e6 3.Nc3 Bb4 4.e3 c5 5.Bd3 Nc6 6.Nf3 Bxc3+ 7.bxc3 d6 8.e4 e5
9.d5 Ne7 10.Nd2 Qa5 11.Qc2 h5 12.h4 Bd7 13.g3 O-O-O 14.a4 Ng4 15.Nb3 Qc7
16.f3 Nh6 17.a5 Rdf8 18.Qa2 f5 19.Bg5 fxe4 20.fxe4 Neg8 21.Rf1 Rxf1+ 22.Kxf1 Nf7
23.Be3 Nf6 24.Ke2 Ng4 25.Bg1 Rh6 26.Qa3 Rf6 27.Rf1 Rxf1 28.Kxf1 g5 29.Nxc5 dxc5
30.Bxc5 gxh4 31.gxh4 Kb8 32.Bg1 Qd6 33.Qxd6+ Nxd6 34.Ke2 a6 35.Bc5 Kc7 36.Bb6+ Kc8
37.Bc5 Nf7 38.Be7 Nh8 39.Kf3 Ng6 40.Bg5 Kc7 41.c5 Bb5 42.Bc2 Nf8 43.Be7 Nd7
44.Bd6+ Kc8 45.Bb3 Ndf6 46.c4 Be8 47.Bc2 Kd8 48.Bf8 Nd7 49.Bd6 Bg6 50.c6 bxc6
51.dxc6 Ndf6 52.c5 Ne8 53.Bd3 Nc7 54.Kg3 Bf7 55.Be2 Be6 56.Bd3 Bc8 57.Bc4 Ne6
58.Bb3 Ke8 59.c7 Nd4 60.Bd5 Nb5 61.Bc6+ Kf7 62.Bd5+ Kf6 63.Bc6 Ke6 64.Bd5+ Kd7
65.Bxe5 Nxe5 66.Kf4 Nd3+ 67.Ke3 Nxc5 68.Bf7 Nxe4 69.Bxh5 Nf6 70.Bg6 Nxc7  0-1

[Event "Bugojno"]
[Site "Bugojno"]
[Date "1980.??.??"]
[Round "7"]
[White "Polugaevsky, Lev"]
[Black "Ivkov, Borislav"]
[Result "1/2-1/2"]
[WhiteElo "2635"]
[BlackElo "2530"]

1.c4 Nf6 2.Nc3 e6 3.Nf3 d5 4.d4 Be7 5.Bg5 h6 6.Bh4 O-O 7.e3 b6 8.Qb3 Bb7
9.Bxf6 Bxf6 10.cxd5 exd5 11.Rd1 Re8 12.Bd3 c5 13.dxc5 Nd7 14.c6 Bxc6 15.O-O Nc5
16.Qa3 Qd7 17.Bc4 Bxc3 18.Qxc3 Rac8 19.Qa3 Red8 20.Be2 Bb7 21.Nd4 a6 22.h3 Qa4
23.Qxa4 Nxa4 24.Rd2 Nc5 25.Bg4 Rc7 26.Rc1 a5 27.Nb5 Rc6 28.Bf3 Na4 29.Rxc6 Bxc6
30.Nd4 Bb7 31.Ne2 Kf8 32.g4 b5 33.Nd4 b4 34.Nb3 Ra8 35.Rc2 Rc8 36.Rxc8+ Bxc8
37.Nxa5 Ba6 38.a3 bxa3 39.bxa3 Nc3 40.Nb3 Ke7 41.Nd4 Nb1 42.Bxd5 Nxa3 43.Bc6 Bc8
44.Kg2 Nc4 45.Kg3 Nd6 46.h4 g5 47.e4 Nc4 48.h5 Ne5 49.f3 Kd6 50.Bd5 f6 51.Kf2 Bd7
52.Ke3 Bc8 53.Bg8 Bd7 54.Bh7 Ke7 55.Bf5 Ba4 56.Bc8 Kd8 57.Ba6 Bd7 58.Bb5 Bc8
59.Ba4 Ke7 60.Bb3 Bd7 61.Bg8 Kd6 62.Bh7 Ke7 63.Bf5 Ba4 64.Bc8 Kd8 65.Ba6 Bd7
66.Bb5 Bc8 67.Kf2 Ke7 68.Ba4 Kd6 69.Bb3 Nd3+ 70.Kg3 Ne5 71.Nc2 Ke7 72.Bg8 Bd7
73.Bh7 Nc4 74.Bf5 Ba4 75.Nb4 Nd6 76.Bh7 Bb3 77.Nc6+ Kf8 78.Nd4 Bc4 79.Bg6 Ke7
80.Kf2 Be6 81.Bf5 Bc4 82.Nc6+ Kf8 83.Bd7 Bb5 84.Nb8 Bc4 85.Ba4 Be6 86.Na6 Nxe4+
87.fxe4 Bxg4 88.Nc7 Bxh5 89.Nd5 Kg7 90.Ne7 Bf7 91.Nf5+ Kh7 92.Nd6 Bg6 93.Kf3 Kg7
94.Nf5+ Kh7 95.Ke3 h5 96.Bd7 h4 97.Kd4 Bh5 98.Ne3 Bf3 99.Bf5+ Kg7 100.Ng4 Kf7
101.Kd5 Ke7 102.Ne3 Be2 103.Be6 Bf3 104.Nf5+ Kf8 105.Ne3 Ke7 106.Bf5 Be2
107.Kd4 Bf3 108.Nd5+ Kf7 109.Ke3 Bd1 110.Bc8 Bh5 111.Kd4 Bf3 112.Ne3 Ke7
113.Kd5 Kf7 114.Ng4 Ke7 115.Bf5 Bd1 116.Kc5 Be2 117.Nf2 Bf3 118.Kd4 Kd6 119.Bg6 Be2
120.Ke3 Ba6 121.Bf5 Bc4 122.Ng4 Ke7 123.Kf3 Be6 124.Nf2 Kd6 125.Ng4 Bxf5
126.exf5 h3 127.Ke4 Kc5 128.Nh2 Kc4 129.Nf1 Kc5 130.Kf3 Kd4 131.Kg4 Ke4 132.Ng3+ Ke5
133.Kxh3 Kf4 134.Kh2 Kf3 135.Nh5 Kg4 136.Ng7 Kf3 137.Nh5 Kg4 138.Ng7 Kf3
139.Kh3  1/2-1/2

[Event "Bugojno"]
[Site "Bugojno"]
[Date "1980.??.??"]
[Round "10"]
[White "Ljubojevic, Ljubomir"]
[Black "Gligoric, Svetozar"]
[Result "1/2-1/2"]
[WhiteElo "2590"]
[BlackElo "2565"]

1.e4 e5 2.Nf3 Nc6 3.Bb5 a6 4.Ba4 Nf6 5.O-O Be7 6.Re1 b5 7.Bb3 d6 8.c3 O-O
9.h3 Nb8 10.d4 Nbd7 11.Nbd2 Bb7 12.Bc2 Re8 13.b3 Bf8 14.Bb2 g6 15.a4 c5 16.d5 Rb8
17.Bd3 Bc8 18.Qe2 Qb6 19.g4 h5 20.g5 Nh7 21.Kh2 Be7 22.Rg1 Ndf8 23.Qe3 Qc7
24.c4 bxc4 25.Bxc4 f6 26.Rg3 Bd8 27.gxf6 Bxf6 28.Rag1 Kh8 29.Be2 Re7 30.Nc4 Rg7
31.Nfd2 h4 32.R3g2 g5 33.Bg4 Bxg4 34.Rxg4 Ng6 35.Qf3 Rf8 36.Ne3 Ne7 37.Qe2 Ra8
38.Rb1 Rf7 39.Bc3 a5 40.Ndc4 Bg7 41.Rgg1 Ng6 42.f3  1/2-1/2

[Event "Bugojno"]
[Site "Bugojno"]
[Date "1980.??.??"]
[Round "11"]
[White "Tal, Mihail"]
[Black "Ivkov, Borislav"]
[Result "1/2-1/2"]
[WhiteElo "2705"]
[BlackElo "2530"]

1.Nf3 Nf6 2.c4 b6 3.g3 Bb7 4.Bg2 e6 5.O-O Be7 6.d4 O-O 7.Nc3 Ne4 8.Qc2 Nxc3
9.Qxc3 d6 10.b3 f5 11.Ba3 Bf6 12.Rac1 Be4 13.Qe3 Nc6 14.Rfd1 Qe8 15.Ne1 Bxg2
16.Nxg2 e5 17.dxe5 Bxe5 18.b4 a5 19.b5 Nd8 20.Rd5 Nf7 21.f4 Bf6 22.Qxe8  1/2-1/2